[Event "Open Nuevo Centro. Jornada 3"]
[Site "Chess.com"]
[Date "2020.07.03"]
[Round "1"]
[White "Martinez Hernandez, Paula"
[Black "Marques Montolio, Luis"
[Result "1-0"]
[WhiteElo "2032"]
[BlackElo "1219"]
[PlyCount "21"]
[EventDate "2020.??.??"]
1. e4 c6 2. Nc3 d5 3. Nf3 dxe4 4. Nxe4 Bf5 5. Ng3 Bg6 6. h4 h6 7. Ne5 Nd7 8.
Nxg6 fxg6 9. Qg4 Kf7 10. Bc4+ e6 11. Qxe6# 1-0

[Event "Open Nuevo Centro. Jornada 3"]
[Site "Chess.com"]
[Date "2020.07.03"]
[Round "1"]
[White "Rabbani Perez, Ayoub "
[Black "Barber�n P�rez, Guillermo"
[Result "0-1"]
[WhiteElo "258"]
[BlackElo "1630"]
[PlyCount "24"]
[EventDate "2020.??.??"]
1. g4 d5 2. Nf3 Bxg4 3. Ng5 Nf6 4. Nxf7 Kxf7 5. Bg2 Nc6 6. Bxd5+ Qxd5 7. f4
Qxh1+ 8. Kf2 Qxd1 9. Na3 Qxe2+ 10. Kg3 Qf3+ 11. Kh4 Qh3+ 12. Kg5 h6# 0-1

[Event "Open Nuevo Centro. Jornada 3"]
[Site "Chess.com"]
[Date "2020.07.03"]
[Round "1"]
[White "Morata Briones, Carlos"
[Black "Donate Moreno, Silvia"
[Result "0-1"]
[WhiteElo "873"]
[BlackElo "1801"]
[PlyCount "32"]
[EventDate "2020.??.??"]
1. e4 c5 2. Qh5 e6 3. Bc4 Nf6 4. Qf3 d5 5. exd5 exd5 6. Qe3+ Be7 7. Bb5+ Bd7 8.
Bxd7+ Qxd7 9. Nf3 Nc6 10. O-O O-O 11. Re1 Rfe8 12. Ne5 Nxe5 13. Qxe5 Bd6 14.
Qxe8+ Rxe8 15. Rxe8+ Qxe8 16. h3 Qe1# 0-1

[Event "Open Nuevo Centro. Jornada 3"]
[Site "Chess.com"]
[Date "2020.07.03"]
[Round "1"]
[White "Silva Rodriguez, Fernando"
[Black "Teply Koutsky, David"
[Result "1-0"]
[WhiteElo "2456"]
[BlackElo "1583"]
[PlyCount "41"]
[EventDate "2020.??.??"]
1. d4 e6 2. Nc3 f5 3. e4 fxe4 4. Nxe4 Nf6 5. Bg5 Be7 6. Bxf6 Bxf6 7. Qh5+ g6 8.
Qh6 Nc6 9. Nf3 Nxd4 10. Nxd4 Bxd4 11. O-O-O Bf6 12. h4 d6 13. h5 g5 14. Nxf6+
Kf7 15. Ne4 g4 16. Ng5+ Ke8 17. Bd3 e5 18. Qg7 Rf8 19. Nxh7 Rxf2 20. Bg6+ Rf7
21. Qxf7# 1-0

[Event "Open Nuevo Centro. Jornada 3"]
[Site "Chess.com"]
[Date "2020.07.03"]
[Round "1"]
[White "Cruz LLedo, Pablo"
[Black "Yatseta Fernandez, Marc Kazymyr"
[Result "1-0"]
[WhiteElo "2551"]
[BlackElo "1590"]
[PlyCount "37"]
[EventDate "2020.??.??"]
1. c4 Nf6 2. Nc3 e5 3. g3 Nc6 4. Bg2 Bc5 5. Nf3 d6 6. O-O Be6 7. d3 Qd7 8. Re1
O-O-O 9. a3 Bh3 10. Bh1 h5 11. b4 Bd4 12. Nxd4 Nxd4 13. e3 Nc6 14. b5 Ne7 15.
Qf3 c6 16. Rb1 b6 17. bxc6 Qc7 18. Nb5 Qb8 19. c7 1-0

[Event "Open Nuevo Centro. Jornada 3"]
[Site "Chess.com"]
[Date "2020.07.03"]
[Round "1"]
[White "Valverde Alcaide, Miguel Alejandro"
[Black "Gerona Maura, Jesus"
[Result "0-1"]
[WhiteElo "847"]
[BlackElo "1789"]
[PlyCount "30"]
[EventDate "2020.??.??"]
1. e4 e5 2. Nf3 Nc6 3. d4 exd4 4. Nxd4 Nf6 5. Nxc6 bxc6 6. Nc3 Bb4 7. Bd2 O-O
8. Qf3 d5 9. Qg3 d4 10. Bh6 Ne8 11. Qg5 Qxg5 12. Bxg5 dxc3 13. O-O-O cxb2+ 14.
Kxb2 Rb8 15. Ka1 Bc3# 0-1

[Event "Open Nuevo Centro. Jornada 3"]
[Site "Chess.com"]
[Date "2020.07.03"]
[Round "1"]
[White "Rabbani Perez, Oumaima "
[Black "Albuixech Sanz, Jorge"
[Result "0-1"]
[WhiteElo "646"]
[BlackElo "1742"]
[PlyCount "34"]
[EventDate "2020.??.??"]
1. e3 e5 2. Bc4 d5 3. Bd3 Nf6 4. Nf3 Bd6 5. Ng5 O-O 6. Nc3 h6 7. Nf3 e4 8. Bxe4
dxe4 9. Nd4 Bg4 10. Nde2 Nc6 11. O-O Ne5 12. h3 Bh5 13. Qe1 Qd7 14. f4 exf3 15.
gxf3 Bxf3 16. Nd4 Qxh3 17. Kf2 Qg2# 0-1

[Event "Open Nuevo Centro. Jornada 3"]
[Site "Chess.com"]
[Date "2020.07.03"]
[Round "1"]
[White "Miranda Calvo, Max Rodrigo"
[Black "Carbonell Bofill, Carlos Eloy"
[Result "1-0"]
[WhiteElo "1240"]
[BlackElo "1992"]
[PlyCount "21"]
[EventDate "2020.??.??"]
1. e4 e6 2. Nf3 d5 3. e5 c5 4. c3 c4 5. d4 cxd3 6. Bxd3 Nc6 7. Bf4 Bc5 8. Nbd2
a5 9. Nb3 Bb6 10. Qc2 Nge7 11. O-O 1-0

[Event "Open Nuevo Centro. Jornada 3"]
[Site "Chess.com"]
[Date "2020.07.03"]
[Round "1"]
[White "Fitzpatrick Dimas  , Andrew "
[Black "Pardo Ruiz, Carlos"
[Result "0-1"]
[WhiteElo "1133"]
[BlackElo "1864"]
[PlyCount "60"]
[EventDate "2020.??.??"]
1. e4 Nf6 2. Nc3 e5 3. Bc4 Bb4 4. d3 c6 5. Nf3 d5 6. exd5 cxd5 7. Bb5+ Bd7 8.
Bxd7+ Nbxd7 9. Qd2 d4 10. a3 dxc3 11. bxc3 Bd6 12. O-O O-O 13. d4 exd4 14. Qxd4
Nb6 15. Bg5 Be7 16. Qxd8 Raxd8 17. Bxf6 Bxf6 18. Ra2 Bxc3 19. a4 Nc4 20. Ng5
Rfe8 21. Nf3 Nd2 22. Nxd2 Rxd2 23. a5 Ree2 24. Rc1 Rxf2 25. Re1 Rxg2+ 26. Kh1
Rxh2+ 27. Kg1 Bd4+ 28. Kf1 Rdf2+ 29. Kg1 Rfg2+ 30. Kf1 Rg1# 0-1

[Event "Open Nuevo Centro. Jornada 3"]
[Site "Chess.com"]
[Date "2020.07.03"]
[Round "1"]
[White "Salvador Buiza, Victor"
[Black "Ainsa Jimenez, Lucas"
[Result "1-0"]
[WhiteElo "1833"]
[BlackElo "998"]
[PlyCount "61"]
[EventDate "2020.??.??"]
1. e4 e5 2. Nf3 Nc6 3. Bc4 Bc5 4. O-O h6 5. d3 d6 6. Be3 Bxe3 7. fxe3 Nf6 8.
Nbd2 O-O 9. c3 Na5 10. Bb5 c6 11. Ba4 b5 12. Bc2 Be6 13. d4 exd4 14. exd4 c5
15. Kh1 cxd4 16. cxd4 Bg4 17. h3 Bxf3 18. Nxf3 Nxe4 19. Bxe4 Re8 20. Bxa8 Qxa8
21. Re1 Rxe1+ 22. Qxe1 Nc6 23. d5 Nb4 24. Qxb4 Qxd5 25. Re1 g6 26. Qe4 Qxa2 27.
Nh4 Qxb2 28. Nxg6 Kg7 29. Nf4 Qf6 30. Nh5+ Kf8 31. Qe8# 1-0

[Event "Open Nuevo Centro. Jornada 3"]
[Site "Chess.com"]
[Date "2020.07.03"]
[Round "1"]
[White "Mart�nez Carvajal, Juan Francisco"
[Black "Alvarez Usina, Joan"
[Result "1-0"]
[WhiteElo "1743"]
[BlackElo "692"]
[PlyCount "35"]
[EventDate "2020.??.??"]
1. Nf3 d5 2. c4 Nc6 3. cxd5 Qxd5 4. Nc3 Qd8 5. d4 e6 6. e4 Bb4 7. Bb5 a6 8.
Bxc6+ bxc6 9. O-O Bxc3 10. bxc3 Nf6 11. Ba3 Nxe4 12. Qa4 Bb7 13. Rac1 Rb8 14.
Rfe1 Nd6 15. c4 Nc8 16. d5 Qd7 17. Ne5 Qd6 18. Bxd6 1-0

[Event "Open Nuevo Centro. Jornada 3"]
[Site "Chess.com"]
[Date "2020.07.03"]
[Round "1"]
[White "Segarra Martinez, Axel"
[Black "Saiz Sapena, Veronica"
[Result "1-0"]
[WhiteElo "2231"]
[BlackElo "1527"]
[PlyCount "47"]
[EventDate "2020.??.??"]
1. e4 c6 2. d4 d5 3. exd5 cxd5 4. Bd3 Nc6 5. c3 Nf6 6. Bf4 a6 7. h3 e6 8. Nd2
b5 9. Ngf3 Bb7 10. O-O Be7 11. Re1 Na5 12. Ne5 Nc4 13. Ndxc4 bxc4 14. Qa4+ Nd7
15. Be2 f6 16. Bh5+ g6 17. Nxg6 hxg6 18. Bxg6+ Kf8 19. Rxe6 Kg7 20. Rae1 Kxg6
21. Rxe7 Nb6 22. Qc2+ Kh5 23. Qf5+ Kh4 24. Qg4# 1-0

[Event "Open Nuevo Centro. Jornada 3"]
[Site "Chess.com"]
[Date "2020.07.03"]
[Round "1"]
[White "Aguado, Pablo Luis"
[Black "Grigorev, Artur "
[Result "1-0"]
[WhiteElo "1794"]
[BlackElo "854"]
[PlyCount "25"]
[EventDate "2020.??.??"]
1. d4 d5 2. c4 e6 3. Nc3 Bb4 4. Qa4+ Nc6 5. Qc2 Nf6 6. e3 O-O 7. Nf3 b6 8. cxd5
exd5 9. Bd3 Be6 10. O-O Qd6 11. a3 Ng4 12. h3 Bxc3 13. bxc3 1-0

[Event "Open Nuevo Centro. Jornada 3"]
[Site "Chess.com"]
[Date "2020.07.03"]
[Round "1"]
[White "Macias Pino, Diego"
[Black "Casado Andreu, David"
[Result "1-0"]
[WhiteElo "2187"]
[BlackElo "1501"]
[PlyCount "45"]
[EventDate "2020.??.??"]
1. e4 e5 2. Nc3 Nc6 3. Bc4 Nf6 4. d3 Bc5 5. f4 exf4 6. Bxf4 d6 7. Nf3 Ng4 8. d4
Bb4 9. Qd3 O-O 10. h3 Nf6 11. O-O-O Bxc3 12. bxc3 Na5 13. Bg5 h6 14. Bh4 g5 15.
Nxg5 hxg5 16. Bxg5 Nxc4 17. Qxc4 Be6 18. Qf1 Kg7 19. e5 Bxa2 20. Bxf6+ Qxf6 21.
Qxf6+ Kg8 22. Rd3 Be6 23. Rg3+ 1-0

[Event "Open Nuevo Centro. Jornada 3"]
[Site "Chess.com"]
[Date "2020.07.03"]
[Round "1"]
[White "Luque Saiz, Andr�s"
[Black "Valero Martinez, �scar"
[Result "1-0"]
[WhiteElo "1934"]
[BlackElo "1186"]
[PlyCount "77"]
[EventDate "2020.??.??"]
1. e4 e5 2. Nf3 Nc6 3. d4 Nf6 4. d5 Nd4 5. Nxd4 Nxe4 6. Nf3 d6 7. Bd3 Bg4 8.
Bxe4 f5 9. Bg5 Be7 10. Bxe7 Qxe7 11. Bd3 a6 12. Be2 O-O 13. O-O e4 14. Nfd2 Qg5
15. Bxg4 fxg4 16. Nxe4 Qe5 17. Nbc3 Rae8 18. Re1 g3 19. hxg3 c6 20. dxc6 bxc6
21. Qxd6 Qb5 22. a4 Qxb2 23. Qd3 Rf7 24. Reb1 Qxa1 25. Rxa1 Ref8 26. Qc4 h6 27.
Nd6 Kh8 28. Qxf7 Rxf7 29. Nxf7+ Kg8 30. Ne5 Kf8 31. Nxc6 Ke8 32. Nd4 Kd7 33.
Ne4 g5 34. c4 g4 35. Rb1 h5 36. Rb7+ Kc8 37. Rh7 h4 38. Nd6+ Kd8 39. Nc6# 1-0

[Event "Open Nuevo Centro. Jornada 3"]
[Site "Chess.com"]
[Date "2020.07.03"]
[Round "1"]
[White "Roca Cruz, Rafael"
[Black "Maestre Soler, Sergio"
[Result "1-0"]
[WhiteElo "1811"]
[BlackElo "891"]
[PlyCount "27"]
[EventDate "2020.??.??"]
1. d4 e6 2. c4 Nf6 3. Nc3 g6 4. Bg5 Bg7 5. e4 O-O 6. Qd2 d5 7. e5 dxc4 8. exf6
Bxf6 9. Nf3 Bxg5 10. Nxg5 Qf6 11. Bxc4 Nc6 12. Nf3 Nb4 13. O-O Re8 14. Ne5 1-0

[Event "Open Nuevo Centro. Jornada 3"]
[Site "Chess.com"]
[Date "2020.07.03"]
[Round "1"]
[White "Tormos Beltran, Maite"
[Black "Perez Garcia, Jose Miguel"
[Result "0-1"]
[WhiteElo "1453"]
[BlackElo "2160"]
[PlyCount "82"]
[EventDate "2020.??.??"]
1. d4 Nf6 2. c4 e6 3. Nc3 Bb4 4. Bd2 b6 5. Qc2 Bb7 6. a3 Bxc3 7. Bxc3 Ne4 8.
Bb4 d6 9. Nf3 a5 10. Bd2 f5 11. g3 O-O 12. Bg2 Nd7 13. O-O Ndf6 14. Rad1 Qe8
15. Ng5 h6 16. Nh3 Qh5 17. Nf4 Qf7 18. f3 Nxd2 19. Rxd2 Rae8 20. Rfd1 Bc8 21.
b4 axb4 22. axb4 Bd7 23. c5 Ra8 24. cxd6 Ba4 25. e4 Bxc2 26. Rxc2 cxd6 27. e5
dxe5 28. dxe5 Nh5 29. Nd3 Rac8 30. Rcd2 Rfd8 31. f4 g5 32. Bf1 g4 33. Ra2 Rc7
34. Rda1 Rcd7 35. b5 Rxd3 36. Bxd3 Rxd3 37. Ra8+ Kg7 38. R1a7 Rd7 39. Rxd7 Qxd7
40. Ra6 Qd1+ 41. Kf2 Qc2+ 0-1

[Event "Open Nuevo Centro. Jornada 3"]
[Site "Chess.com"]
[Date "2020.07.03"]
[Round "1"]
[White "Gimenez Saiz, Jose Raul"
[Black "Remolar Gallen, Jose"
[Result "0-1"]
[WhiteElo "1541"]
[BlackElo "2320"]
[PlyCount "42"]
[EventDate "2020.??.??"]
1. d4 d6 2. e4 Nf6 3. Nc3 g6 4. Nf3 Bg7 5. Bc4 O-O 6. O-O Bg4 7. h3 Bxf3 8.
gxf3 Nc6 9. Bg5 Qd7 10. Kh2 e5 11. d5 Nd4 12. Be3 Nh5 13. Bxd4 exd4 14. Ne2
Be5+ 15. Kg2 f5 16. Qd2 fxe4 17. fxe4 Rf3 18. Kxf3 Qxh3+ 19. Ng3 Nf4 20. Rg1 g5
21. Bf1 g4# 0-1

[Event "Open Nuevo Centro. Jornada 3"]
[Site "Chess.com"]
[Date "2020.07.03"]
[Round "1"]
[White "Galcin Plitnikas, Artiom"
[Black "Gracia Calvo, Andr�s"
[Result "0-1"]
[WhiteElo "798"]
[BlackElo "1786"]
[PlyCount "95"]
[EventDate "2020.??.??"]
1. d4 d5 2. Nf3 c6 3. Bf4 Bf5 4. e3 Nf6 5. Be2 Nbd7 6. c3 e6 7. Nbd2 Ne4 8. O-O
Ndf6 9. Ng5 Nxg5 10. Bxg5 h6 11. Bf4 Bd6 12. Be5 O-O 13. Nf3 Rc8 14. Bd3 Bxd3
15. Qxd3 Ne4 16. Nd2 Nxd2 17. Qxd2 Bxe5 18. dxe5 Qg5 19. Rae1 Qxe5 20. Qd4 Qxd4
21. cxd4 c5 22. dxc5 Rxc5 23. Rc1 Rfc8 24. Rxc5 Rxc5 25. h3 Rc2 26. Rb1 f6 27.
a3 a5 28. b4 a4 29. b5 Rc3 30. b6 Rxa3 31. Rb4 Ra1+ 32. Kh2 a3 33. Ra4 a2 34.
Ra8+ Kf7 35. Ra7 Kg6 36. Rxb7 Rb1 37. Ra7 a1=Q 38. Rxa1 Rxa1 39. b7 Rb1 40.
b8=Q Rxb8 41. g3 e5 42. g4 d4 43. exd4 exd4 44. Kg2 d3 45. Kf3 d2 46. Ke2 Rd8
47. Kd1 f5 48. gxf5+ 0-1

[Event "Open Nuevo Centro. Jornada 3"]
[Site "Chess.com"]
[Date "2020.07.03"]
[Round "1"]
[White "Acevedo Noguera, Sara"
[Black "Birnoveanu, Petru"
[Result "0-1"]
[WhiteElo "400"]
[BlackElo "1671"]
[PlyCount "44"]
[EventDate "2020.??.??"]
1. d4 g6 2. Nf3 Bg7 3. e3 d5 4. Na3 Bg4 5. c3 c6 6. Be2 Nd7 7. O-O f5 8. Bd2
Ngf6 9. c4 e6 10. cxd5 exd5 11. Ne5 Bxe2 12. Qxe2 O-O 13. Nxd7 Qxd7 14. f3 Rfe8
15. b4 f4 16. Rab1 fxe3 17. Bxe3 b5 18. Rb3 a5 19. bxa5 Rxa5 20. Bg5 Rxe2 21.
Bxf6 Bxf6 22. Rf2 Bxd4 0-1

[Event "Open Nuevo Centro. Jornada 3"]
[Site "Chess.com"]
[Date "2020.07.03"]
[Round "1"]
[White "Fern�ndez Martin, Carlos"
[Black "Sim� Serrano, Javier"
[Result "1-0"]
[WhiteElo "1636"]
[BlackElo "399"]
[PlyCount "47"]
[EventDate "2020.??.??"]
1. e4 e5 2. Nf3 Nc6 3. d4 d6 4. Bb5 Nf6 5. d5 a6 6. Ba4 b5 7. Bb3 Nb4 8. a3
Nxe4 9. axb4 g6 10. O-O Bg4 11. Qd3 Bxf3 12. Qxf3 f5 13. Nc3 Nxc3 14. Qxc3 h5
15. Qc6+ Kf7 16. Bg5 Be7 17. Bxe7 Kxe7 18. f4 exf4 19. Rfe1+ Kf6 20. Re6+ Kg7
21. Rae1 Qh4 22. Qxc7+ Kh6 23. Qf7 Raf8 24. Qxg6# 1-0

[Event "Open Nuevo Centro. Jornada 3"]
[Site "Chess.com"]
[Date "2020.07.03"]
[Round "1"]
[White "Gukasov, Artem"
[Black "Chernikov, Vladimir"
[Result "0-1"]
[WhiteElo "1531"]
[BlackElo "2249"]
[PlyCount "46"]
[EventDate "2020.??.??"]
1. e4 c5 2. Nf3 Nc6 3. d4 cxd4 4. Nxd4 e5 5. Nxc6 bxc6 6. Nc3 Nf6 7. Be2 Be7 8.
O-O O-O 9. Be3 d5 10. Bg5 Nxe4 11. Nxe4 Bxg5 12. Nxg5 Qxg5 13. Qd3 Bf5 14. Qc3
Qf6 15. f4 d4 16. Qc4 e4 17. h3 Rfd8 18. g4 Be6 19. Qxc6 d3 20. cxd3 exd3 21.
Bxd3 Qd4+ 22. Kh1 Bd5+ 23. Rf3 Bxc6 0-1

[Event "Open Nuevo Centro. Jornada 3"]
[Site "Chess.com"]
[Date "2020.07.03"]
[Round "1"]
[White "Lloret Ramis, Juan Jos�"
[Black "Albentosa Ferrada, Adrian"
[Result "1-0"]
[WhiteElo "1983"]
[BlackElo "1192"]
[PlyCount "45"]
[EventDate "2020.??.??"]
1. c4 e5 2. Nc3 Nf6 3. Nf3 Nc6 4. e3 Bc5 5. d4 exd4 6. exd4 Bb4 7. Be2 O-O 8.
O-O Bxc3 9. bxc3 d6 10. Bg5 h6 11. Bh4 b6 12. h3 Bb7 13. Nd2 g5 14. Bg3 d5 15.
Bf3 dxc4 16. Nxc4 Na5 17. Nxa5 Bxf3 18. Qxf3 bxa5 19. Rab1 Rb8 20. Rxb8 Qxb8
21. Qxf6 Qb2 22. Be5 Kh7 23. Qg7# 1-0

[Event "Open Nuevo Centro. Jornada 3"]
[Site "Chess.com"]
[Date "2020.07.03"]
[Round "1"]
[White "Haoyou, Deng"
[Black "Sanchis Bon, Sergi"
[Result "1-0"]
[WhiteElo "1817"]
[BlackElo "942"]
[PlyCount "63"]
[EventDate "2020.??.??"]
1. d4 Nf6 2. c4 e6 3. Nf3 Nc6 4. Nc3 d5 5. Bf4 dxc4 6. e3 Nh5 7. Bg3 Nxg3 8.
hxg3 Na5 9. Qa4+ Bd7 10. Qxa5 b6 11. Qa6 Bb4 12. Qxc4 Bxc3+ 13. Qxc3 a5 14. Rc1
O-O 15. Bd3 Qf6 16. Bxh7+ Kh8 17. Be4+ Kg8 18. Bxa8 Rxa8 19. Qd3 g6 20. Rxc7
Ba4 21. b3 Be8 22. Qc2 Qd8 23. Ne5 Qd6 24. Nxg6 fxg6 25. Rch7 Bb5 26. Rh8+ Kg7
27. R1h7+ Kf6 28. Rxa8 Qb4+ 29. Qd2 Qa3 30. Rf8+ Kg5 31. e4+ Kg4 32. Qf4# 1-0

[Event "Open Nuevo Centro. Jornada 3"]
[Site "Chess.com"]
[Date "2020.07.03"]
[Round "1"]
[White "Beneyto de Ramon, Guillermo"
[Black "Sanchez Saez, Francisco"
[Result "0-1"]
[WhiteElo "1519"]
[BlackElo "2227"]
[PlyCount "68"]
[EventDate "2020.??.??"]
1. c4 g6 2. Nc3 Bg7 3. g3 c5 4. Bg2 Nc6 5. d3 d5 6. Nxd5 Nf6 7. Nxf6+ exf6 8.
Nf3 O-O 9. O-O Re8 10. Bf4 Bg4 11. Qd2 Qd7 12. Bh6 Bh8 13. Rfe1 a6 14. Rab1
Rac8 15. a3 Re7 16. b4 cxb4 17. axb4 Bxf3 18. Bxf3 Ne5 19. Bg2 g5 20. Rbd1 Ng4
21. Bxg5 fxg5 22. Qxg5+ Bg7 23. Bxb7 Qxb7 24. Qxg4 Rce8 25. c5 Kh8 26. Rd2 Bc3
27. Rdd1 Bxe1 28. Rxe1 Qd5 29. d4 Re4 30. Qf5 Qxf5 31. c6 Rxe2 32. Rxe2 Rxe2
33. c7 Qxf2+ 34. Kh1 Re1# 0-1

[Event "Open Nuevo Centro. Jornada 3"]
[Site "Chess.com"]
[Date "2020.07.03"]
[Round "1"]
[White "Elenkov Olmo, Ivan"
[Black "Benday�n Claros, Aaron"
[Result "0-1"]
[WhiteElo "931"]
[BlackElo "1811"]
[PlyCount "70"]
[EventDate "2020.??.??"]
1. e4 d5 2. exd5 Qxd5 3. Nc3 Qa5 4. a3 c6 5. b4 Qc7 6. Nf3 Nf6 7. Bc4 Bf5 8.
Ng5 e6 9. O-O Be7 10. d3 O-O 11. Re1 h6 12. Nf3 Nbd7 13. Nh4 Bh7 14. Nf3 b5 15.
Bb3 a5 16. Bb2 axb4 17. axb4 Bxb4 18. Rxa8 Rxa8 19. Qe2 Nf8 20. Qe5 Qxe5 21.
Nxe5 Rc8 22. Re2 N8d7 23. Na2 Bd6 24. Nxd7 Nxd7 25. c4 Bxd3 26. Rd2 Nc5 27. Bd4
bxc4 28. Bxc5 Bxc5 29. Ba4 Rb8 30. Nc3 Bb4 31. Rb2 c5 32. Bb5 Bxc3 33. Bxc4
Rxb2 34. Bxd3 Rd2 35. Bb1 Rd1# 0-1

[Event "Open Nuevo Centro. Jornada 3"]
[Site "Chess.com"]
[Date "2020.07.03"]
[Round "1"]
[White "SIMARRO PEIR�, ANDR�S"
[Black "Castellano L�pez, Javier"
[Result "0-1"]
[WhiteElo "996"]
[BlackElo "1827"]
[PlyCount "54"]
[EventDate "2020.??.??"]
1. e4 c6 2. Nf3 d5 3. Nc3 Bg4 4. h3 Bxf3 5. Qxf3 e6 6. Be2 Nd7 7. O-O Bd6 8. d3
Ngf6 9. Bf4 Qc7 10. Bxd6 Qxd6 11. exd5 exd5 12. Rfe1 O-O 13. d4 Rfe8 14. Bd3
Nf8 15. Rxe8 Rxe8 16. Na4 Ne6 17. Re1 Nxd4 18. Rxe8+ Nxe8 19. Qg4 Ne6 20. Qh4
Nf6 21. g4 Nf4 22. Bf5 g6 23. g5 N6h5 24. Bg4 Qe5 25. Nc5 Qe1+ 26. Kh2 Qf1 27.
Nd7 Qg2# 0-1

[Event "Open Nuevo Centro. Jornada 3"]
[Site "Chess.com"]
[Date "2020.07.03"]
[Round "1"]
[White "Colomer Martinez, Isabel"
[Black "Lopez Mateo, Juan Carlos"
[Result "0-1"]
[WhiteElo "1272"]
[BlackElo "2036"]
[PlyCount "54"]
[EventDate "2020.??.??"]
1. e4 c5 2. Nc3 e6 3. Nf3 a6 4. Bc4 b5 5. Be2 Bb7 6. O-O b4 7. Na4 Bxe4 8. d3
Bb7 9. d4 cxd4 10. Qxd4 Nc6 11. Qe3 Nf6 12. h3 Be7 13. Bd2 O-O 14. Qb3 Na5 15.
Qd3 d5 16. Ne5 Qc7 17. Nf3 Nc4 18. Be1 e5 19. Qb3 Na5 20. Qd3 e4 21. Qd4 exf3
22. Bxf3 Nc6 23. Qd3 Ne5 24. Qb3 Nxf3+ 25. Qxf3 d4 26. Qb3 Qc6 27. Bxb4 Qxg2#

[Event "Open Nuevo Centro. Jornada 3"]
[Site "Chess.com"]
[Date "2020.07.03"]
[Round "1"]
[White "Donate Peris, Jose Manuel"
[Black "Valma�a Cant�, Jaime"
[Result "0-1"]
[WhiteElo "1559"]
[BlackElo "2434"]
[PlyCount "60"]
[EventDate "2020.??.??"]
1. d4 Nf6 2. c4 e6 3. Nc3 Bb4 4. a3 Bxc3+ 5. bxc3 O-O 6. Nf3 d6 7. e3 b6 8. Bd3
Ba6 9. O-O Nc6 10. Bd2 Na5 11. Qc2 Bxc4 12. Bxc4 Nxc4 13. e4 Nxd2 14. Nxd2 e5
15. f4 Qe7 16. f5 exd4 17. cxd4 c5 18. d5 Rfe8 19. Rae1 Nd7 20. Nc4 Qf6 21. Rf3
Ne5 22. Nxe5 Rxe5 23. Ree3 b5 24. Rf4 Rae8 25. Rg4 Rxf5 26. h3 Rf1+ 27. Kh2
Qe5+ 28. Reg3 g6 29. Qe2 Qa1 30. h4 Rh1# 0-1

[Event "Open Nuevo Centro. Jornada 3"]
[Site "Chess.com"]
[Date "2020.07.03"]
[Round "1"]
[White "Garcia Trobat, Francisco"
[Black "Chofre Murcia, Adri�n"
[Result "1-0"]
[WhiteElo "2213"]
[BlackElo "1497"]
[PlyCount "51"]
[EventDate "2020.??.??"]
1. Nf3 d5 2. c4 c6 3. e3 Nf6 4. b3 Bf5 5. Be2 Nbd7 6. Nh4 Bg6 7. Bb2 e5 8. cxd5
cxd5 9. Nxg6 hxg6 10. h3 Rc8 11. Nc3 Bd6 12. Nb5 Qb6 13. Nxd6+ Qxd6 14. Rc1 O-O
15. O-O Rfe8 16. Bg4 Nxg4 17. Qxg4 Rxc1 18. Rxc1 Nf6 19. Qa4 Kf8 20. Ba3 Qxa3
21. Qxa3+ Kg8 22. Qxa7 Ne4 23. Qxb7 Nxd2 24. Qxd5 Nxb3 25. axb3 Kf8 26. Rc7 1-0

[Event "Open Nuevo Centro. Jornada 3"]
[Site "Chess.com"]
[Date "2020.07.03"]
[Round "1"]
[White "Yuste Valenzuela, Alejandro"
[Black "Mart�nez Cuenca, Jose Andr�s"
[Result "1-0"]
[WhiteElo "1859"]
[BlackElo "1061"]
[PlyCount "55"]
[EventDate "2020.??.??"]
1. e4 c5 2. Nf3 g6 3. d4 cxd4 4. Nxd4 Nc6 5. Nc3 Bg7 6. Be3 Nf6 7. Bc4 O-O 8.
Bb3 d6 9. f3 e5 10. Nde2 Qe8 11. Qd2 Be6 12. h4 Bxb3 13. axb3 Qe6 14. O-O-O
Rfd8 15. Nd5 Nxd5 16. exd5 Qe7 17. dxc6 bxc6 18. h5 Qe6 19. hxg6 fxg6 20. Kb1
d5 21. Bh6 Bf6 22. Bg5 Bxg5 23. Qxg5 Qf7 24. Rh6 Re8 25. Rdh1 Red8 26. Rxh7 Rd7
27. Rh8+ Kg7 28. R1h7# 1-0

[Event "Open Nuevo Centro. Jornada 3"]
[Site "Chess.com"]
[Date "2020.07.03"]
[Round "1"]
[White "Pallardo Lozoya, Jose Vicente"
[Black "Donate Moreno, David"
[Result "1-0"]
[WhiteElo "2251"]
[BlackElo "1541"]
[PlyCount "67"]
[EventDate "2020.??.??"]
1. e4 e5 2. Nf3 Nc6 3. d4 exd4 4. Bc4 Bc5 5. c3 dxc3 6. Bxf7+ Kxf7 7. Qd5+ Ke8
8. Qh5+ Kf8 9. Qxc5+ Ke8 10. Qxc3 Nf6 11. e5 Nd5 12. Qb3 Nb6 13. Bg5 Ne7 14.
Nc3 d5 15. exd6 Qxd6 16. Nb5 Qc6 17. Rc1 Qe4+ 18. Kf1 Bh3 19. Nxc7+ Kd7 20.
gxh3 Rac8 21. Re1 Qxe1+ 22. Nxe1 Rxc7 23. Kg2 Rf8 24. Nd3 Rc4 25. Ne5+ Ke6 26.
Nxc4 Nxc4 27. Bxe7 Kf5 28. Bxf8 Nd2 29. Qd3+ Kg5 30. Qxd2+ Kh5 31. Re1 g5 32.
Qe2+ Kg6 33. Qe8+ Kf5 34. Qf7# 1-0

[Event "Open Nuevo Centro. Jornada 3"]
[Site "Chess.com"]
[Date "2020.07.03"]
[Round "1"]
[White "Gil L�pez, Alejandro"
[Black "Gomez Aleman, Jorge"
[Result "1-0"]
[WhiteElo "2151"]
[BlackElo "1377"]
[PlyCount "83"]
[EventDate "2020.??.??"]
1. e4 e6 2. Nf3 d5 3. exd5 exd5 4. d4 Nf6 5. Bg5 Bd6 6. Bd3 O-O 7. O-O Bg4 8.
h3 Bh5 9. Nbd2 Nbd7 10. c3 c6 11. Qc2 h6 12. Be3 Qb6 13. g4 Nxg4 14. hxg4 Bxg4
15. Qb3 Qc7 16. Qc2 Nf6 17. Bf5 Bh5 18. Kg2 Rfe8 19. Rfe1 Ng4 20. Rh1 Nxe3+ 21.
fxe3 Bxf3+ 22. Kxf3 Qe7 23. Qd3 Qf6 24. Ke2 Bf4 25. Rh3 Qg5 26. Rf1 Qg2+ 27.
Rf2 Qg5 28. Nf3 Qe7 29. Nd2 Qg5 30. Rhf3 g6 31. Rxf4 gxf5 32. Qxf5 Qxf5 33.
Rxf5 Re7 34. Rg2+ Kh7 35. Nf3 Rae8 36. Ne5 f6 37. Rxf6 Rxe5 38. dxe5 Rxe5 39.
Rf7+ Kh8 40. Rxb7 Rh5 41. Rf2 Rf5 42. Rxf5 1-0

[Event "Open Nuevo Centro. Jornada 3"]
[Site "Chess.com"]
[Date "2020.07.03"]
[Round "1"]
[White "Rodriguez Rodriguez, Joan David "
[Black "Campos Gambuti, Luis Mar�a"
[Result "0-1"]
[WhiteElo "1586"]
[BlackElo "2496"]
[PlyCount "94"]
[EventDate "2020.??.??"]
1. d4 d5 2. c4 dxc4 3. e3 c5 4. Bxc4 cxd4 5. exd4 Qc7 6. Bb3 Bg4 7. Ba4+ Bd7 8.
Be3 Qa5+ 9. Nc3 Bxa4 10. Qxa4+ Qxa4 11. Nxa4 e6 12. a3 Nf6 13. Rc1 Na6 14. Nf3
Be7 15. O-O O-O 16. Nc3 Nc7 17. Rfd1 Ncd5 18. Nb5 a6 19. Nc7 Nxe3 20. fxe3 Rac8
21. Rc2 Ng4 22. Rd3 Bd6 23. Rdc3 Nxe3 24. Rxe3 Rxc7 25. Rec3 Rfc8 26. Rxc7 Rxc7
27. Rd2 g5 28. Kf2 g4 29. Ne5 h5 30. h3 f5 31. hxg4 hxg4 32. g3 Kg7 33. Ke3 Kf6
34. Kf4 Rc4 35. b3 Bxe5+ 36. Ke3 Rxd4 37. Rxd4 Bxd4+ 38. Kxd4 e5+ 39. Ke3 Kg5
40. b4 f4+ 41. gxf4+ exf4+ 42. Kf2 f3 43. a4 Kf5 44. b5 axb5 45. axb5 b6 46.
Kg3 Ke4 47. Kf2 Kf4 0-1

[Event "Open Nuevo Centro. Jornada 3"]
[Site "Chess.com"]
[Date "2020.07.03"]
[Round "1"]
[White "Gutierrez Marco, Dario"
[Black "M�ndez Gim�nez , N�stor Emmanuel"
[Result "1-0"]
[WhiteElo "1883"]
[BlackElo "1141"]
[PlyCount "105"]
[EventDate "2020.??.??"]
1. e4 e6 2. d4 c5 3. Nf3 Nc6 4. Nc3 Qb6 5. d5 exd5 6. Nxd5 Qa5+ 7. Bd2 Nb4 8.
a3 Nxc2+ 9. Qxc2 Qd8 10. Bc4 Nf6 11. Bg5 Be7 12. Bxf6 Bxf6 13. Nxf6+ Qxf6 14.
O-O O-O 15. Rad1 b6 16. Bd5 Rb8 17. b4 Bb7 18. Bxb7 Rxb7 19. bxc5 bxc5 20. Qxc5
Rb6 21. Rxd7 Rd8 22. Rfd1 Rbb8 23. Qc7 Rf8 24. e5 Qa6 25. h3 Qb6 26. Qxb6 axb6
27. Rc7 f6 28. exf6 Rxf6 29. Rdd7 Rg6 30. Ne5 Rg5 31. Nc6 Ra8 32. h4 Rg6 33.
Ne7+ Kf7 34. Nxg6+ Kxg6 35. Rxg7+ Kh6 36. Rxh7+ Kg6 37. Rhd7 Rxa3 38. Rc6+ Kf5
39. Rxb6 Ra1+ 40. Kh2 Ra2 41. Kg3 Ra3+ 42. f3 Ra5 43. h5 Kg5 44. h6 Rf5 45. h7
Rf8 46. Rg7+ Kf5 47. Rg8 Rxg8+ 48. hxg8=Q Ke5 49. Qe6+ Kd4 50. Rb4+ Kc5 51.
Rc4+ Kb5 52. Qc6+ Ka5 53. Ra4# 1-0